000170185 001__ 170185
000170185 005__ 20260407115449.0
000170185 0247_ $$2doi$$a10.1016/j.tem.2026.01.011
000170185 0248_ $$2sideral$$a148761
000170185 037__ $$aART-2026-148761
000170185 041__ $$aeng
000170185 100__ $$aMainé-Rodrigo, Aldara
000170185 245__ $$aReversible phosphorylation influences energetic cellular metabolism by modulating mitochondrial gene expression
000170185 260__ $$c2026
000170185 5203_ $$aMitochondria act as key metabolic regulators beyond ATP production, and the understanding of how cellular signaling modifies mitochondrial gene expression is currently being explored. Recent evidence links kinases such as mitogen-activated protein kinase-interacting kinases, hexokinase 1, and eukaryotic elongation factor 2 kinase to mitochondrial function, influencing metabolic adaptation, inflammation, and survival under nutrient stress, with implications for obesity and aging.
000170185 536__ $$9info:eu-repo/grantAgreement/ES/AEI/PID2023-147275NB-I00$$9info:eu-repo/grantAgreement/ES/DGA/B33-23R$$9info:eu-repo/grantAgreement/ES/MICINN/CNS2023-144637
000170185 540__ $$9info:eu-repo/semantics/closedAccess$$aAll rights reserved$$uhttp://www.europeana.eu/rights/rr-f/
000170185 655_4 $$ainfo:eu-repo/semantics/article$$vinfo:eu-repo/semantics/publishedVersion
000170185 700__ $$aVela-Sebastián, Ana$$uUniversidad de Zaragoza
000170185 700__ $$0(orcid)0000-0003-2645-3983$$aPacheu-Grau, David$$uUniversidad de Zaragoza
000170185 7102_ $$11002$$2060$$aUniversidad de Zaragoza$$bDpto. Bioq.Biolog.Mol. Celular$$cÁrea Bioquímica y Biolog.Mole.
000170185 773__ $$g37, 3 (2026), 186-189$$pTrends endocrinol. metab.$$tTRENDS IN ENDOCRINOLOGY AND METABOLISM$$x1043-2760
000170185 8564_ $$s503287$$uhttps://zaguan.unizar.es/record/170185/files/texto_completo.pdf$$yVersión publicada
000170185 8564_ $$s3273689$$uhttps://zaguan.unizar.es/record/170185/files/texto_completo.jpg?subformat=icon$$xicon$$yVersión publicada
000170185 909CO $$ooai:zaguan.unizar.es:170185$$particulos$$pdriver
000170185 951__ $$a2026-03-26-14:31:15
000170185 980__ $$aARTICLE